Terrorism: a transborder surrogate: war paradigm of sposoring state in pursuit of its international politics (Record no. 489420)

000 -LEADER
fixed length control field 00611cam a22001577a 4500
008 - FIXED-LENGTH DATA ELEMENTS--GENERAL INFORMATION
fixed length control field 180718b2000 xxu||||| |||| 00| 0 eng d
082 ## - DEWEY DECIMAL CLASSIFICATION NUMBER
Classification number APPPA 99-2000 DHA/6
100 ## - MAIN ENTRY--PERSONAL NAME
Personal name Dhand, Narinder Kumar
245 ## - TITLE STATEMENT
Title Terrorism: a transborder surrogate: war paradigm of sposoring state in pursuit of its international politics
Statement of responsibility, etc. by Narinder Kumar Dhand
260 ## - PUBLICATION, DISTRIBUTION, ETC.
Place of publication, distribution, etc. New Delhi
Name of publisher, distributor, etc. Indian Institute of Public Administration
Date of publication, distribution, etc. 2000
300 ## - PHYSICAL DESCRIPTION
Extent 143p.
500 ## - GENERAL NOTE
General note An APPPA M.Phil. dissertation, 99-2000 (Guide: Dolly Arora)
650 ## - SUBJECT ADDED ENTRY--TOPICAL TERM
Topical term or geographic name entry element APPPA
650 ## - SUBJECT ADDED ENTRY--TOPICAL TERM
Topical term or geographic name entry element Victims of terrorism
650 ## - SUBJECT ADDED ENTRY--TOPICAL TERM
Topical term or geographic name entry element Terrorism - Political aspects
Holdings
Withdrawn status Lost status Damaged status Not for loan Permanent Location Current Location Date acquired Full call number Barcode Date last seen Price effective from Koha item type
        Indian Institute of Public Administration Indian Institute of Public Administration 2018-08-04 APPPA 99-2000 DHA/6 GR15146 2018-08-04 2018-08-04 GR

Powered by Koha